[Event "Rio de Janeiro op 3rd"]
[Site "Rio de Janeiro"]
[Date "2024.04.27"]
[Round "8"]
[White "Moyses Sobrinho, Elias"]
[Black "Guimaraes, Lucas dos S Peixoto"]
[Result "0-1"]
[WhiteElo "1906"]
[BlackElo "2019"]
[PlyCount "88"]
[EventDate "2024.04.22"]
[EventType "swiss"]
[EventRounds "9"]
[EventCountry "BRA"]
[SourceTitle "CBM 219 Extra"]
[Source "ChessBase"]
[SourceDate "2024.05.31"]
[SourceVersion "1"]
[SourceVersionDate "2024.05.31"]
[SourceQuality "1"]

1. d4 Nf6 2. c4 g6 3. Nc3 Bg7 4. e4 d6 5. Nf3 0-0 6. h3 c5 7. Be3 cxd4 8. Nxd4 Nc6 9. Be2 Bd7 10. 0-0 Nxd4 11. Bxd4 Bc6 12. Bf3 a5 13. Nd5 Bxd5 14. exd5 Nd7 15. Bxg7 Kxg7 16. Qd4+ Kg8 17. a3 Qb6 18. Qxb6 Nxb6 19. Rfe1 Rfe8 20. Rac1 Rac8 21. b3 a4 22. Rc3 Rc7 23. bxa4 Nxa4 24. Rb3 Nc5 25. Rb6 Ra8 26. Re3 Kf8 27. Be2 Ra7 28. h4 Rc8 29. Bd1 Ra6 30. Rb4 Rca8 31. a4 R8a7 32. Ra3 Kg7 33. f4 f5 34. Kf2 Kf6 35. Ke3 h6 36. Kd4 Ra8 37. Bc2 Ra5 38. Rb5 R5a7 39. a5 b6 40. Rxb6 Rxa5 41. Re3 Ra2 42. Re2 R8a3 43. Rd2 Rxc2 44. Rd1 Rcc3 0-1

[Event "Florianopolis op 4th"]
[Site "Florianopolis"]
[Date "2018.01.24"]
[Round "8"]
[White "Di Berardino, Diego Rafael"]
[Black "Guimaraes, Lucas dos S Peixoto"]
[Result "1-0"]
[WhiteElo "2516"]
[BlackElo "2004"]
[PlyCount "61"]
[EventDate "2018.01.19"]
[EventType "swiss"]
[EventRounds "10"]
[EventCountry "BRA"]
[SourceTitle "EXT 2019"]
[Source "ChessBase"]
[SourceDate "2018.10.10"]
[SourceVersion "1"]
[SourceVersionDate "2018.10.10"]
[SourceQuality "1"]

1. d4 Nf6 2. c4 c5 3. d5 b5 4. Qc2 bxc4 5. e4 d6 6. Bxc4 g6 7. Nf3 Bg7 8. 0-0 0-0 9. Re1 Nbd7 10. h3 Rb8 11. Nc3 Nb6 12. Bf1 Nfd7 13. Bf4 Bb7 14. Rad1 Re8 15. a4 Qc8 16. Nb5 a6 17. Na3 Qc7 18. a5 Nc8 19. Nc4 Ba8 20. Qc1 Rb4 21. Bd2 Rb8 22. Bc3 Bf8 23. Qf4 f6 24. h4 Ne5 25. h5 Nxf3+ 26. Qxf3 g5 27. Qg4 e5 28. dxe6 Qe7 29. Ne3 Rb4 30. Bxb4 cxb4 31. Bxa6 1-0

[Event "Florianopolis op 4th"]
[Site "Florianopolis"]
[Date "2018.01.20"]
[Round "3"]
[White "Guimaraes, Lucas dos S Peixoto"]
[Black "Zacarias Martinez, Ruben David"]
[Result "0-1"]
[WhiteElo "2004"]
[BlackElo "2199"]
[PlyCount "142"]
[EventDate "2018.01.19"]
[EventType "swiss"]
[EventRounds "10"]
[EventCountry "BRA"]
[SourceTitle "EXT 2019"]
[Source "ChessBase"]
[SourceDate "2018.10.10"]
[SourceVersion "1"]
[SourceVersionDate "2018.10.10"]
[SourceQuality "1"]

1. e4 c5 2. Nf3 d6 3. d4 cxd4 4. Nxd4 Nf6 5. Nc3 a6 6. Bg5 Nbd7 7. f4 Qc7 8. Qf3 h6 9. Bxf6 Nxf6 10. f5 g5 11. fxg6 fxg6 12. Bd3 Qc5 13. Nb3 Qe5 14. 0-0 Bg7 15. Qf4 Qxf4 16. Rxf4 g5 17. Rff1 Ng4 18. Nd5 Rb8 19. c3 e6 20. Nb6 Ke7 21. Nd2 Ne5 22. Be2 Bd7 23. Nxd7 Nxd7 24. a4 h5 25. Rf2 g4 26. Raf1 Rhf8 27. Rxf8 Bxf8 28. h3 Ne5 29. Nc4 Nxc4 30. Bxc4 Bh6 31. hxg4 hxg4 32. Kh2 Bg7 33. Kg3 Rg8 34. Kxg4 Bxc3+ 35. Kh3 Be5 36. Rf3 Rh8+ 37. Kg4 Rh2 38. Rf2 Bf6 39. b3 Bd4 40. Rd2 Be3 41. Re2 Bg1 42. Rc2 Rh7 43. Kf3 Kf6 44. Rc1 Bc5 45. Rf1 Ke5 46. Ke2 Rg7 47. Kf3 Rg6 48. Rh1 Rf6+ 49. Kg4 Rf4+ 50. Kg5 Rxe4 51. g4 d5 52. Bd3 Re3 53. Rd1 Rh3 54. Re1+ Be3+ 55. Kg6 Kd4 56. Bc2 Kc3 57. Bd1 Kd4 58. Kf6 Rh6+ 59. Kg7 Rh2 60. Kf6 e5 61. Rf1 Rg2 62. Bf3 Rf2 63. Rxf2 Bxf2 64. g5 Be3 65. g6 Bh6 66. g7 Bxg7+ 67. Kxg7 e4 68. Bd1 Ke5 69. Kg6 Kf4 70. Kf6 d4 71. Ke6 d3 0-1

[Event "Florianopolis op 4th"]
[Site "Florianopolis"]
[Date "2018.01.19"]
[Round "1"]
[White "Guimaraes, Lucas dos S Peixoto"]
[Black "Campelo, Leandro Fabricio"]
[Result "0-1"]
[WhiteElo "2004"]
[BlackElo "2208"]
[PlyCount "44"]
[EventDate "2018.01.19"]
[EventType "swiss"]
[EventRounds "10"]
[EventCountry "BRA"]
[SourceTitle "CBM 182 Extra"]
[Source "ChessBase"]
[SourceDate "2018.02.23"]
[SourceVersion "1"]
[SourceVersionDate "2018.02.23"]
[SourceQuality "1"]

1. e4 e6 2. d4 d5 3. Nd2 Nf6 4. Bd3 c5 5. c3 Nc6 6. Ngf3 Be7 7. 0-0 0-0 8. exd5 exd5 9. dxc5 Bxc5 10. Nb3 Bd6 11. h3 h6 12. Nbd4 Re8 13. Nf5 Bc7 14. N3h4 Ne5 15. Bc2 Ne4 16. Re1 Bxf5 17. Nxf5 Qf6 18. Qxd5 Qxf5 19. Bxe4 Nf3+ 20. gxf3 Qxd5 21. Bxd5 Rxe1+ 22. Kg2 Rd8 0-1

[Event "Sao Paulo-B U2050 op 5th"]
[Site "Sao Paulo"]
[Date "2016.10.15"]
[Round "4.11"]
[White "Guimaraes, Lucas dos S Peixoto"]
[Black "Farah, Daniel Landshoff"]
[Result "1-0"]
[WhiteElo "2000"]
[BlackElo "1901"]
[PlyCount "43"]
[EventDate "2016.10.13"]
[EventType "swiss"]
[EventRounds "6"]
[EventCountry "BRA"]
[SourceTitle "EXT 2022"]
[Source "ChessBase"]
[SourceDate "2021.10.06"]
[SourceVersion "1"]
[SourceVersionDate "2021.10.06"]
[SourceQuality "1"]

1. e4 e6 2. d4 d5 3. Nd2 Nf6 4. Bd3 Be7 5. Ngf3 c5 6. c3 cxd4 7. cxd4 dxe4 8. Nxe4 Nbd7 9. 0-0 Nxe4 10. Bxe4 Nf6 11. Bc2 Bd7 12. Ne5 Bb5 13. Re1 h6 14. Qf3 Bd6 15. Qg3 Kf8 16. Qh3 Rc8 17. Bg6 Qa5 18. Bg5 Bb4 19. Bxf7 Bxe1 20. Qxe6 Bxf2+ 21. Kxf2 Rc2+ 22. Kg1 1-0

[Event "Sao Paulo-B U2050 op 5th"]
[Site "Sao Paulo"]
[Date "2016.10.15"]
[Round "3.12"]
[White "Sangiovanni, Marcello Gouveia"]
[Black "Guimaraes, Lucas dos S Peixoto"]
[Result "1/2-1/2"]
[WhiteElo "1757"]
[BlackElo "2000"]
[PlyCount "34"]
[EventDate "2016.10.13"]
[EventType "swiss"]
[EventRounds "6"]
[EventCountry "BRA"]
[SourceTitle "EXT 2022"]
[Source "ChessBase"]
[SourceDate "2021.10.06"]
[SourceVersion "1"]
[SourceVersionDate "2021.10.06"]
[SourceQuality "1"]

1. d4 Nf6 2. Nf3 c5 3. c3 cxd4 4. cxd4 g6 5. Nc3 Bg7 6. e4 d6 7. h3 0-0 8. Bc4 Nc6 9. 0-0 a6 10. a3 b5 11. Ba2 Nd7 12. Be3 Bb7 13. Qd2 Na5 14. b4 Nc4 15. Bxc4 bxc4 16. d5 Re8 17. Bd4 Bxd4 1/2-1/2

[Event "Rio de Janeiro Salamon Memorial"]
[Site "Rio de Janeiro"]
[Date "2016.06.25"]
[Round "4"]
[White "Rangel, Daniel"]
[Black "Guimaraes, Lucas dos S Peixoto"]
[Result "1-0"]
[WhiteElo "2274"]
[BlackElo "1959"]
[PlyCount "93"]
[EventDate "2016.06.24"]
[EventType "swiss"]
[EventRounds "6"]
[EventCountry "BRA"]
[SourceTitle "CBM 173 Extra"]
[Source "ChessBase"]
[SourceDate "2016.08.29"]
[SourceVersion "1"]
[SourceVersionDate "2016.08.29"]
[SourceQuality "1"]

1. e4 c5 2. Nf3 d6 3. d3 Nf6 4. g3 g6 5. Bg2 Bg7 6. 0-0 Nc6 7. Nbd2 b5 8. e5 Nd5 9. c4 bxc4 10. dxc4 Ndb4 11. a3 Na6 12. Ng5 Bd7 13. exd6 e6 14. Nde4 Rb8 15. Nc3 Nd4 16. Nge4 0-0 17. Rb1 Bc6 18. Bg5 f6 19. Be3 e5 20. b4 cxb4 21. axb4 Nxb4 22. Bxd4 exd4 23. Qxd4 f5 24. Qc5 Qb6 25. Rxb4 Qxc5 26. Nxc5 Rxb4 27. Bxc6 Bxc3 28. Bd5+ Kh8 29. Ne6 Rfb8 30. c5 R4b5 31. Ba2 Bb4 32. Rc1 Ba3 33. Rc3 Bb4 34. Rc2 f4 35. gxf4 Rg8 36. d7 Ba5 37. Nd4 Rbb8 38. Nc6 Rgf8 39. Nxb8 Rxb8 40. c6 Bc7 41. Re2 Kg7 42. Re7+ Kh6 43. Re8 Rd8 44. Kg2 Kh5 45. Kf3 g5 46. Ke4 Kg6 47. Kd5 1-0

[Event "Rio de Janeiro Salamon Memorial"]
[Site "Rio de Janeiro"]
[Date "2016.06.24"]
[Round "1"]
[White "Guimaraes, Lucas dos S Peixoto"]
[Black "Martins, Luis Carlos Ferreir"]
[Result "0-1"]
[WhiteElo "1959"]
[BlackElo "1827"]
[PlyCount "85"]
[EventDate "2016.06.24"]
[EventType "swiss"]
[EventRounds "6"]
[EventCountry "BRA"]
[SourceTitle "CBM 173 Extra"]
[Source "ChessBase"]
[SourceDate "2016.08.29"]
[SourceVersion "1"]
[SourceVersionDate "2016.08.29"]
[SourceQuality "1"]

1. e4 c5 2. Nf3 Nc6 3. d4 cxd4 4. Nxd4 Nf6 5. Nc3 d6 6. Bg5 e6 7. f4 Be7 8. Qd2 a6 9. 0-0-0 Qc7 10. Be2 Bd7 11. g4 b5 12. f5 b4 13. fxe6 fxe6 14. Ncb5 axb5 15. Nxb5 Qa5 16. Bxf6 gxf6 17. Nxd6+ Bxd6 18. Qxd6 Rd8 19. Bc4 Qe5 20. Qd3 Ke7 21. Qb3 Bc8 22. Rde1 Qc5 23. g5 Qxg5+ 24. Kb1 Qc5 25. Rhf1 Rhf8 26. Be2 Rd2 27. Bd1 Ba6 28. Rg1 Ne5 29. Bh5 Rxh2 30. Rg7+ Nf7 31. e5 Rxh5 32. exf6+ Kxf6 33. Rg4 Re5 34. Rc1 Re3 35. Qa4 Qb5 36. Qxb5 Bxb5 37. Rxb4 Nd6 38. a4 Bc6 39. Rb6 Rc8 40. b3 Ke5 41. a5 Be4 42. a6 Ra8 43. Rd1 0-1

[Event "Rio de Janeiro Alex op"]
[Site "Rio de Janeiro"]
[Date "2016.06.19"]
[Round "6"]
[White "Guimaraes, Lucas dos S Peixoto"]
[Black "Ramos, Angelo Bil"]
[Result "1/2-1/2"]
[WhiteElo "1959"]
[BlackElo "2033"]
[PlyCount "89"]
[EventDate "2016.06.12"]
[EventType "swiss"]
[EventRounds "6"]
[EventCountry "BRA"]
[SourceTitle "CBM 173 Extra"]
[Source "ChessBase"]
[SourceDate "2016.08.29"]
[SourceVersion "1"]
[SourceVersionDate "2016.08.29"]
[SourceQuality "1"]

1. e4 e5 2. Nf3 Nc6 3. Bb5 a6 4. Bxc6 dxc6 5. 0-0 f6 6. d4 exd4 7. Nxd4 c5 8. Nb3 Qxd1 9. Rxd1 Bd7 10. Be3 b6 11. Nc3 0-0-0 12. a4 a5 13. f3 Ne7 14. Rd2 Bc6 15. Rxd8+ Kxd8 16. Rd1+ Kc8 17. Nb5 Bxb5 18. axb5 Ng6 19. Nd2 Bd6 20. Nc4 Rd8 21. g3 Be7 22. Rxd8+ Bxd8 23. f4 Kd7 24. Kf2 c6 25. Na3 cxb5 26. Nxb5 Ne7 27. g4 Nc8 28. Kf3 Kc6 29. c4 Nd6 30. Nxd6 Kxd6 31. h4 a4 32. Bd2 Kc6 33. Bc3 b5 34. cxb5+ Kxb5 35. e5 Kc4 36. exf6 gxf6 37. Bd2 Kd3 38. Be3 c4 39. Bc5 Kc2 40. Bd4 Kd3 41. Bc5 Ba5 42. Be7 c3 43. bxc3 Bxc3 44. f5 Bb2 45. g5 1/2-1/2

[Event "Rio de Janeiro Alex op"]
[Site "Rio de Janeiro"]
[Date "2016.06.19"]
[Round "5"]
[White "Leite, Tarcisio Dantas Fro"]
[Black "Guimaraes, Lucas dos S Peixoto"]
[Result "0-1"]
[WhiteElo "1631"]
[BlackElo "1959"]
[PlyCount "104"]
[EventDate "2016.06.12"]
[EventType "swiss"]
[EventRounds "6"]
[EventCountry "BRA"]
[SourceTitle "CBM 173 Extra"]
[Source "ChessBase"]
[SourceDate "2016.08.29"]
[SourceVersion "1"]
[SourceVersionDate "2016.08.29"]
[SourceQuality "1"]

1. e4 c5 2. Nf3 d6 3. d4 cxd4 4. Nxd4 Nf6 5. Nc3 g6 6. Be2 Bg7 7. 0-0 0-0 8. Be3 Nc6 9. Kh1 Bd7 10. Qd2 Rc8 11. Rad1 Ne5 12. h3 Nc4 13. Bxc4 Rxc4 14. f3 Nh5 15. Nce2 b5 16. c3 Qa5 17. Kh2 Rfc8 18. Rc1 Be5+ 19. g3 Rb8 20. b3 Rcc8 21. Rc2 Bg7 22. Rfc1 e5 23. b4 Qc7 24. Nb3 Be6 25. Na5 Qd7 26. Ng1 d5 27. exd5 Bxd5 28. Rd1 Rd8 29. Bg5 f6 30. Be3 a6 31. Nb3 Qc7 32. Qf2 Bxb3 33. Rxd8+ Rxd8 34. axb3 Rd3 35. Bc5 e4 36. c4 bxc4 37. bxc4 f5 38. Bb6 Qb8 39. f4 Rxg3 40. Ne2 Rf3 41. Qc5 Nxf4 42. Bc7 Rxh3+ 43. Kg1 Nxe2+ 44. Rxe2 Qa8 45. Qd5+ Qxd5 46. cxd5 Rd3 47. d6 Be5 48. Ra2 Bxd6 49. Ba5 e3 50. Kf1 f4 51. Rc2 f3 52. Bb6 Rd1# 0-1

[Event "Rio de Janeiro Estadual Mestres op"]
[Site "Rio de Janeiro"]
[Date "2016.05.26"]
[Round "1"]
[White "Campos, Alexandre Ferreira"]
[Black "Guimaraes, Lucas dos S Peixoto"]
[Result "1-0"]
[WhiteElo "2132"]
[BlackElo "1959"]
[PlyCount "85"]
[EventDate "2016.05.26"]
[EventType "swiss"]
[EventRounds "6"]
[EventCountry "BRA"]
[SourceTitle "CBM 172 Extra"]
[Source "ChessBase"]
[SourceDate "2016.06.21"]
[SourceVersion "1"]
[SourceVersionDate "2016.06.21"]
[SourceQuality "1"]

1. c4 e5 2. Nc3 Nf6 3. Nf3 Nc6 4. g3 d5 5. cxd5 Nxd5 6. d3 Be7 7. Bg2 Nb6 8. Be3 Be6 9. 0-0 0-0 10. a3 a5 11. Rc1 f6 12. Ne4 Nd4 13. Bxd4 exd4 14. Qc2 c6 15. Nc5 Bc8 16. Nb3 a4 17. Nbxd4 Ra5 18. e4 c5 19. Qc3 Ra6 20. Ne2 f5 21. Rfd1 Qc7 22. Nf4 fxe4 23. dxe4 Bg4 24. Re1 Nd7 25. Nd5 Qd8 26. Nd2 Bg5 27. f4 Bh6 28. h3 Be6 29. e5 g5 30. Rcd1 gxf4 31. Ne4 Kh8 32. gxf4 Rg8 33. Ndf6 Rg7 34. Nxc5 Qb6 35. Nfxd7 Bxd7 36. Rxd7 Rxd7 37. e6+ Bg7 38. exd7 Bxc3 39. Re8+ Kg7 40. d8Q Qxc5+ 41. Kh1 Bd4 42. Re7+ Kh6 43. Qf8+ 1-0

[Event "Sao Paulo op-B U2050 4th"]
[Site "Sao Paulo"]
[Date "2016.03.26"]
[Round "4"]
[White "Pereira, Geanfrancesco"]
[Black "Guimaraes, Lucas dos S Peixoto"]
[Result "0-1"]
[WhiteElo "2008"]
[BlackElo "1910"]
[PlyCount "92"]
[EventDate "2016.03.24"]
[EventType "swiss"]
[EventRounds "7"]
[EventCountry "BRA"]
[SourceTitle "CBM 171 Extra"]
[Source "ChessBase"]
[SourceDate "2016.04.26"]
[SourceVersion "1"]
[SourceVersionDate "2016.04.26"]
[SourceQuality "1"]

1. e4 c5 2. Nf3 d6 3. d4 cxd4 4. Nxd4 Nf6 5. Nc3 g6 6. Be2 Bg7 7. Nb3 Nc6 8. g4 Be6 9. f4 Na5 10. f5 Bc4 11. g5 Bxe2 12. Qxe2 Nd7 13. Bd2 Nc6 14. Be3 Rc8 15. f6 exf6 16. Nb5 0-0 17. Nxd6 fxg5 18. Nxc8 Bxb2 19. Rd1 Qxc8 20. Qd2 Nce5 21. Qg2 Nc4 22. Bxg5 Bc3+ 23. Nd2 Nxd2 24. Bxd2 Bd4 25. c3 Bb6 26. Bh6 Re8 27. Kd2 Ne5 28. Qf1 Qe6 29. Qb5 Rc8 30. Ra1 Nf3+ 31. Kd3 Qh3 32. Be3 Bxe3 33. Ke2 Qg2+ 34. Kxe3 Rxc3+ 35. Qd3 Rxd3+ 36. Kxd3 Qd2+ 37. Kc4 Qc2+ 38. Kb4 a5+ 39. Kxa5 Qc5+ 40. Ka4 b5+ 41. Ka5 b4+ 42. Ka6 Nd4 43. a4 bxa3 44. Rhb1 Qc6+ 45. Ka5 a2 46. Rxa2 Qa8+ 0-1

[Event "Sao Paulo op-B U2050 4th"]
[Site "Sao Paulo"]
[Date "2016.03.24"]
[Round "1"]
[White "Guimaraes, Lucas dos S Peixoto"]
[Black "Sato, Luiz Henrique Yuzo"]
[Result "1-0"]
[WhiteElo "1910"]
[BlackElo "1364"]
[PlyCount "41"]
[EventDate "2016.03.24"]
[EventType "swiss"]
[EventRounds "7"]
[EventCountry "BRA"]
[SourceTitle "CBM 171 Extra"]
[Source "ChessBase"]
[SourceDate "2016.04.26"]
[SourceVersion "1"]
[SourceVersionDate "2016.04.26"]
[SourceQuality "1"]

1. e4 e5 2. Nf3 Nf6 3. Nxe5 d6 4. Nf3 Nxe4 5. Nc3 Nxc3 6. dxc3 Be7 7. Be3 Nc6 8. Qd2 Bf5 9. 0-0-0 Qd7 10. Kb1 0-0-0 11. Nd4 Be4 12. f3 Bd5 13. Nb5 Be6 14. Bxa7 b6 15. Qf4 Kb7 16. Qa4 Na5 17. b4 Nc4 18. Bxb6 Kxb6 19. Qa7+ Kc6 20. Qa6+ Nb6 21. Na7# 1-0

[Event "Sao Paulo op-B 2nd"]
[Site "Sao Paulo"]
[Date "2015.02.07"]
[Round "3"]
[White "Tasoko, Toshinobu"]
[Black "Guimaraes, Lucas dos S Peixoto"]
[Result "0-1"]
[WhiteElo "1753"]
[BlackElo "1843"]
[PlyCount "50"]
[EventDate "2015.02.05"]
[EventType "swiss"]
[EventRounds "6"]
[EventCountry "BRA"]
[SourceTitle "CBM 164 Extra"]
[Source "ChessBase"]
[SourceDate "2015.03.02"]
[SourceVersion "1"]
[SourceVersionDate "2015.03.02"]
[SourceQuality "1"]

1. e4 c5 2. Nf3 d6 3. d4 cxd4 4. Nxd4 Nf6 5. Nc3 g6 6. f3 Bg7 7. Be3 Nc6 8. Qd2 0-0 9. 0-0-0 d5 10. Nxc6 bxc6 11. Bh6 Bxh6 12. Qxh6 e5 13. g4 d4 14. Ne2 Be6 15. Kb1 Qa5 16. b3 c5 17. Qg5 Nd7 18. h4 c4 19. Qd2 c3 20. Qc1 Rab8 21. h5 Nc5 22. hxg6 fxg6 23. Qh6 Rf7 24. Qg5 Nxb3 25. Qxe5 Nd2+ 0-1

[Event "Sao Paulo op-B 2nd"]
[Site "Sao Paulo"]
[Date "2015.02.06"]
[Round "2"]
[White "Guimaraes, Lucas dos S Peixoto"]
[Black "Gomes, Luis Gustavo M Nev"]
[Result "1/2-1/2"]
[WhiteElo "1843"]
[BlackElo "2032"]
[PlyCount "71"]
[EventDate "2015.02.05"]
[EventType "swiss"]
[EventRounds "6"]
[EventCountry "BRA"]
[SourceTitle "CBM 164 Extra"]
[Source "ChessBase"]
[SourceDate "2015.03.02"]
[SourceVersion "1"]
[SourceVersionDate "2015.03.02"]
[SourceQuality "1"]

1. e4 d5 2. exd5 Nf6 3. Nc3 c6 4. d6 Qxd6 5. Bc4 e5 6. d3 Bg4 7. f3 Be6 8. Bxe6 Qxe6 9. Be3 Nd5 10. Nxd5 cxd5 11. Ne2 d4 12. Bd2 Nc6 13. 0-0 Bc5 14. Ng3 0-0 15. Ne4 Bb6 16. f4 exf4 17. Bxf4 h6 18. Qf3 Ne5 19. Bxe5 Qxe5 20. Rae1 Bc7 21. Ng3 Qg5 22. Nf5 Rae8 23. Rxe8 Rxe8 24. Nxh6+ Qxh6 25. Qxf7+ Kh7 26. Qxc7 Qe3+ 27. Kh1 Rf8 28. Rg1 Rf2 29. Qc5 b6 30. Qh5+ Kg8 31. Qd5+ Kh7 32. Qc6 Re2 33. h3 Qf2 34. Qf3 Qxf3 35. gxf3 Rxc2 36. Rg2 1/2-1/2

[Event "BRA-ch U16"]
[Site "Tres Rios"]
[Date "2014.05.11"]
[Round "6.4"]
[White "Guimaraes, Lucas dos S Peixoto"]
[Black "Guedes, Matheus Resende1"]
[Result "1-0"]
[WhiteElo "1809"]
[BlackElo "1653"]
[PlyCount "81"]
[EventDate "2014.05.08"]
[EventType "swiss"]
[EventRounds "6"]
[EventCountry "BRA"]
[SourceTitle "EXT 2022"]
[Source "ChessBase"]
[SourceDate "2021.10.06"]
[SourceVersion "1"]
[SourceVersionDate "2021.10.06"]
[SourceQuality "1"]

1. e4 c5 2. Nf3 d6 3. d4 cxd4 4. Nxd4 Nf6 5. Nc3 a6 6. Bg5 e6 7. f4 Be7 8. Qf3 Qc7 9. 0-0-0 Nbd7 10. g4 b5 11. Bxf6 Bxf6 12. g5 Be7 13. f5 Nc5 14. f6 gxf6 15. gxf6 Bf8 16. Rg1 h5 17. Rg7 b4 18. Nd5 exd5 19. exd5 Bd7 20. Qe2+ Kd8 21. Rxf7 Bg4 22. Nc6+ Qxc6 23. Rxf8+ Kc7 24. Rf7+ Kb6 25. dxc6 Bxe2 26. Bxe2 Raf8 27. Rxf8 Rxf8 28. Rf1 Kxc6 29. Bxh5 Kd5 30. f7 Ne6 31. Kd2 Rh8 32. Rf5+ Ke4 33. Rf2 Rxh5 34. Re2+ Kd5 35. Rxe6 Rf5 36. Re7 Kc6 37. h4 d5 38. h5 Kd6 39. Ra7 Ke6 40. Ke3 Ke5 41. h6 1-0

[Event "Rio de Janeiro Estadual-ch"]
[Site "Rio de Janeiro"]
[Date "2014.05.04"]
[Round "5"]
[White "Guimaraes, Lucas dos S Peixoto"]
[Black "Guimaraes, Wagner Peixoto"]
[Result "0-1"]
[WhiteElo "1809"]
[BlackElo "2232"]
[PlyCount "24"]
[EventDate "2014.05.01"]
[EventType "swiss"]
[EventRounds "6"]
[EventCountry "BRA"]
[SourceTitle "CBM 160 Extra"]
[Source "ChessBase"]
[SourceDate "2014.07.01"]
[SourceVersion "1"]
[SourceVersionDate "2014.07.01"]
[SourceQuality "1"]

1. e4 e6 2. d4 d5 3. exd5 exd5 4. Bd3 c5 5. dxc5 Bxc5 6. h3 Nf6 7. Nf3 0-0 8. 0-0 Nc6 9. Bg5 h6 10. Bh4 Qd6 11. Re1 g5 12. Bg3 Qxg3 0-1

[Event "Rio de Janeiro Estadual-ch"]
[Site "Rio de Janeiro"]
[Date "2014.05.01"]
[Round "2"]
[White "Baeta, Marcio Netto"]
[Black "Guimaraes, Lucas dos S Peixoto"]
[Result "1-0"]
[WhiteElo "2112"]
[BlackElo "1809"]
[PlyCount "93"]
[EventDate "2014.05.01"]
[EventType "swiss"]
[EventRounds "6"]
[EventCountry "BRA"]
[SourceTitle "CBM 160 Extra"]
[Source "ChessBase"]
[SourceDate "2014.07.01"]
[SourceVersion "1"]
[SourceVersionDate "2014.07.01"]
[SourceQuality "1"]

1. e4 c5 2. d4 cxd4 3. Nf3 d6 4. Nxd4 Nf6 5. Nc3 g6 6. Be3 Bg7 7. f3 Nc6 8. Qd2 0-0 9. g4 Nxd4 10. Bxd4 Qa5 11. h4 Be6 12. h5 Qb4 13. a3 Qa5 14. h6 Bh8 15. g5 Nd7 16. Bxh8 Kxh8 17. f4 Kg8 18. Qd4 f6 19. Bc4 Bxc4 20. Qxc4+ Kh8 21. 0-0-0 Rac8 22. Qe6 Rxc3 23. Qxe7 Rg8 24. bxc3 Qxc3 25. Rxd6 Qxa3+ 26. Kd2 Qb4+ 27. Ke3 Qc5+ 28. Kf3 Qa3+ 29. Kg2 Qe3 30. Rf1 Qe2+ 31. Rf2 Qg4+ 32. Kf1 Qh3+ 33. Ke2 Qg4+ 34. Kd2 Qg3 35. Rf1 Qg2+ 36. Ke1 Qg3+ 37. Kd1 Qg2 38. Re1 Qf3+ 39. Kc1 Qa3+ 40. Kd2 Qb4+ 41. Ke2 Qc4+ 42. Rd3 Qxc2+ 43. Ke3 fxg5 44. Rxd7 gxf4+ 45. Kf3 Qc3+ 46. Kxf4 g5+ 47. Kg4 1-0

[Event "Rio de Janeiro Estadual Mestres op"]
[Site "Rio de Janeiro"]
[Date "2013.12.07"]
[Round "6"]
[White "Guimaraes, Lucas dos S Peixoto"]
[Black "Reis, Virginia Lagrange M"]
[Result "1-0"]
[WhiteElo "1747"]
[BlackElo "1844"]
[PlyCount "59"]
[EventDate "2013.11.30"]
[EventType "swiss"]
[EventRounds "7"]
[EventCountry "BRA"]
[SourceTitle "CBM 157 Extra"]
[Source "ChessBase"]
[SourceDate "2013.12.19"]
[SourceVersion "1"]
[SourceVersionDate "2013.12.19"]
[SourceQuality "1"]

1. e4 c5 2. Nf3 Nc6 3. d4 cxd4 4. Nxd4 g6 5. Nc3 Bg7 6. Be3 d6 7. Qd2 Nxd4 8. Bxd4 Nf6 9. Bc4 0-0 10. f3 Bd7 11. Bb3 Bc6 12. 0-0-0 b5 13. h4 h5 14. g4 hxg4 15. h5 gxh5 16. Bxf6 exf6 17. Rxh5 Re8 18. Rdh1 Re5 19. Rh7 Rg5 20. f4 Rg6 21. Qh2 Kf8 22. Qh5 Qe8 23. Bd5 Bxd5 24. Nxd5 Qxe4 25. Rh8+ Bxh8 26. Qxh8+ Rg8 27. Qxg8+ Kxg8 28. Nxf6+ Kg7 29. Nxe4 d5 30. Nc3 1-0

[Event "BRA-ch sf1 80th"]
[Site "Rio de Janeiro"]
[Date "2013.11.03"]
[Round "6"]
[White "Lucena, Lincoln"]
[Black "Guimaraes, Lucas dos S Peixoto"]
[Result "1-0"]
[WhiteElo "2159"]
[BlackElo "1747"]
[PlyCount "83"]
[EventDate "2013.10.31"]
[EventType "swiss"]
[EventRounds "7"]
[EventCountry "BRA"]
[SourceTitle "EXT 2014"]
[Source "ChessBase"]
[SourceDate "2013.11.20"]
[SourceVersion "1"]
[SourceVersionDate "2013.11.20"]
[SourceQuality "1"]

1. c4 e5 2. Nc3 d6 3. g3 Nc6 4. Bg2 f5 5. d3 Nf6 6. e3 g6 7. Nge2 Bg7 8. 0-0 0-0 9. Rb1 a5 10. a3 h6 11. Nd5 g5 12. b4 axb4 13. axb4 Nxd5 14. cxd5 Ne7 15. f4 Bd7 16. Qb3 Ba4 17. Qa2 Bb5 18. Qc2 Ba4 19. Qd2 c6 20. Nc3 cxd5 21. b5 e4 22. d4 Qc7 23. Rb4 Bxb5 24. Rxb5 Rfc8 25. Bb2 Qc4 26. Rxb7 Nc6 27. Rc1 Nxd4 28. Rxg7+ Kxg7 29. Qxd4+ Qxd4 30. exd4 Rab8 31. Ba1 Rb3 32. Bf1 gxf4 33. gxf4 Kg6 34. Be2 Ra3 35. Kf2 h5 36. Rg1+ Kf7 37. Nb5 Ra6 38. Bxh5+ Kf8 39. Bc3 Ra2+ 40. Be2 e3+ 41. Kf3 Rc2 42. Bb4 1-0

[Event "BRA-ch U14"]
[Site "Rio de Janeiro"]
[Date "2012.05.13"]
[Round "6"]
[White "Marques, Matheus Augusto"]
[Black "Guimaraes, Lucas dos S Peixoto"]
[Result "1-0"]
[WhiteElo "1844"]
[BlackElo "1771"]
[PlyCount "63"]
[EventDate "2012.05.11"]
[EventType "swiss"]
[EventRounds "6"]
[EventCountry "BRA"]
[SourceTitle "CBM 148 Extra"]
[Source "ChessBase"]
[SourceDate "2012.06.22"]
[SourceVersion "1"]
[SourceVersionDate "2012.06.22"]
[SourceQuality "1"]

1. d4 Nf6 2. Nf3 c5 3. c3 Nc6 4. Bf4 b6 5. e3 d6 6. Bb5 Bd7 7. Nbd2 g6 8. Qc2 Bg7 9. 0-0-0 0-0 10. Ne4 a6 11. Nxf6+ Bxf6 12. Bxc6 Bxc6 13. d5 Bd7 14. h4 b5 15. h5 b4 16. hxg6 fxg6 17. Ng5 Bxg5 18. Bxg5 Bf5 19. e4 Bd7 20. c4 Qa5 21. b3 Qd8 22. Qb2 a5 23. Rh6 Rf7 24. Rdh1 Qf8 25. Rxg6+ Rg7 26. Rxg7+ Qxg7 27. Qxg7+ Kxg7 28. Bxe7 Re8 29. Bxd6 Rxe4 30. Kd2 Rd4+ 31. Ke3 a4 32. Be5+ 1-0

[Event "BRA-ch U14"]
[Site "Rio de Janeiro"]
[Date "2012.05.12"]
[Round "3"]
[White "Guimaraes, Lucas dos S Peixoto"]
[Black "Bassedon, Guilherme Mendes"]
[Result "0-1"]
[WhiteElo "1771"]
[BlackElo "1853"]
[PlyCount "38"]
[EventDate "2012.05.11"]
[EventType "swiss"]
[EventRounds "6"]
[EventCountry "BRA"]
[SourceTitle "CBM 148 Extra"]
[Source "ChessBase"]
[SourceDate "2012.06.22"]
[SourceVersion "1"]
[SourceVersionDate "2012.06.22"]
[SourceQuality "1"]

1. e4 c5 2. Nf3 e6 3. d4 cxd4 4. Nxd4 a6 5. Bd3 Qc7 6. 0-0 Nf6 7. c4 Bd6 8. f4 Bc5 9. Be3 Qb6 10. Qb3 Qa7 11. Qc3 Nc6 12. Nc2 Bxe3+ 13. Nxe3 Qxe3+ 14. Kh1 Qd4 15. Qd2 d6 16. Nc3 Nb4 17. Rf3 Ng4 18. Rd1 Nxd3 19. Rxd3 Nf2+ 0-1